|
|
|
|
| LEADER |
00000nab a2200000 a 4500 |
| 001 |
vtls008700347 |
| 003 |
SK-MaSNL |
| 005 |
20260303073509.0 |
| 008 |
140527c2006 xo mr|p|||||||000 b|slo |
| 015 |
|
|
|a SNBRB2006/05
|2 snkbucl
|
| 038 |
|
|
|a SNKBUCL
|
| 040 |
|
|
|a SNKBUCL
|b slo
|c SNKBUCL
|e AACR2
|
| 041 |
0 |
|
|a slo
|
| 044 |
|
|
|a xo
|c SK
|
| 080 |
|
|
|a 82:929:821.112.2 (436):061.7
|2 1997
|
| 080 |
|
|
|a 821.112.2 (436):929:061.7
|2 1997
|
| 080 |
|
|
|a 82:061.7
|x (437.6)
|2 1997
|
| 080 |
|
|
|a 929 Beckerová, Zdenka
|2 1997
|
| 245 |
0 |
0 |
|a Cena P. O. Hviezdoslava 2005
|
| 600 |
1 |
7 |
|a Beckerová, Zdenka,
|d 1951-
|2 snkbucl
|9 122691
|
| 650 |
0 |
7 |
|a Cena P. O. Hviezdoslava
|y za r. 2005
|2 snkbucl
|9 1075221
|
| 650 |
0 |
7 |
|a literárne ceny
|y za r. 2005
|2 snkbucl
|9 1058022
|
| 773 |
0 |
|
|t RAK
|g Roč. XI, č. 1 (2006), s. 90
|x 1335-1702
|
| 852 |
|
|
|a SNK
|b KIS3GCP
|
| 958 |
|
|
|a LX
|
| 958 |
|
|
|a AT
|
| 958 |
|
|
|a BC
|
| 999 |
|
|
|c 1767910
|d 1769840
|